[Event "Bucharest Grand Prix op"]
[Site "Bucharest"]
[Date "2024.03.24"]
[Round "9"]
[White "Lauda, Alexandr"]
[Black "Baltag, Iulian"]
[Result "0-1"]
[WhiteElo "2198"]
[BlackElo "2412"]
[PlyCount "50"]
[EventDate "2024.03.23"]
[EventType "swiss (rapid)"]
[EventRounds "10"]
[EventCountry "ROU"]
[SourceTitle "CB13_2024"]
[SourceDate "2024.03.27"]
[SourceVersion "1"]
[SourceVersionDate "2024.03.27"]
[SourceQuality "1"]

1. e4 d5 2. exd5 Qxd5 3. Nc3 Qd6 4. d4 Nf6 5. g3 Bg4 6. f3 Bf5 7. Bg2 Nc6 8. Nge2 0-0-0 9. Be3 e5 10. 0-0 exd4 11. Bf4 Qc5 12. Na4 Qxc2 13. Bh3 Kb8 14. Bxf5 Qxf5 15. Rc1 d3 16. Nec3 Bd6 17. Be3 Rhe8 18. Bf2 a6 19. Qb3 Qe6 20. Qd1 h5 21. Nb1 Qd5 22. Nc5 Nd4 23. Nxa6+ bxa6 24. Nc3 Nxf3+ 25. Kh1 Qb7 0-1

[Event "Izmir Arena IM"]
[Site "Izmir"]
[Date "2024.03.21"]
[Round "7"]
[White "Baltag, Iulian"]
[Black "David, Alexandru Vasile"]
[Result "1/2-1/2"]
[WhiteElo "2412"]
[BlackElo "2360"]
[PlyCount "71"]
[EventDate "2024.03.18"]
[EventType "tourn"]
[EventRounds "9"]
[EventCountry "TUR"]
[SourceTitle "CB13_2024"]
[SourceDate "2024.03.27"]
[SourceVersion "1"]
[SourceVersionDate "2024.03.27"]
[SourceQuality "1"]

1. e4 e5 2. Nf3 Nc6 3. Nc3 Nf6 4. d4 exd4 5. Nxd4 Bb4 6. Nxc6 bxc6 7. Bd3 d5 8. exd5 0-0 9. 0-0 cxd5 10. Bg5 c6 11. Qf3 h6 12. Bxf6 Qxf6 13. Qxf6 gxf6 14. Ne2 Bd6 15. Ng3 Re8 16. Nf5 Bxf5 17. Bxf5 Re5 18. Bd3 Rb8 19. b3 a5 20. a4 Bb4 21. Rad1 Rbe8 22. g3 Kf8 23. Kg2 Re1 24. Rfxe1 Rxe1 25. Rxe1 Bxe1 26. g4 Ke7 27. Kf1 Bd2 28. Ke2 Bf4 29. h3 c5 30. Kf3 Be5 31. Bb5 Kd6 32. Be8 Ke7 33. Bb5 Kd6 34. Be8 Ke7 35. Bc6 Kd6 36. Be8 1/2-1/2

[Event "Izmir Arena IM"]
[Site "Izmir"]
[Date "2024.03.20"]
[Round "5"]
[White "Baltag, Iulian"]
[Black "Ozsakallioglu, Okan"]
[Result "1/2-1/2"]
[WhiteElo "2412"]
[BlackElo "2365"]
[PlyCount "60"]
[EventDate "2024.03.18"]
[EventType "tourn"]
[EventRounds "9"]
[EventCountry "TUR"]
[SourceTitle "CB13_2024"]
[SourceDate "2024.03.27"]
[SourceVersion "1"]
[SourceVersionDate "2024.03.27"]
[SourceQuality "1"]

1. e4 c5 2. Nf3 e6 3. b3 b6 4. Bb2 Bb7 5. Nc3 Nc6 6. d4 cxd4 7. Nxd4 a6 8. Nxc6 Bxc6 9. Qd3 b5 10. 0-0-0 Rc8 11. Kb1 Nf6 12. f3 d5 13. exd5 Nxd5 14. Nxd5 Qxd5 15. Qxd5 Bxd5 16. a4 Bc6 17. axb5 axb5 18. Bd3 f6 19. Rhe1 Kf7 20. Be4 Be7 21. Bxc6 Rxc6 22. Rd7 Rd8 23. Rxd8 Bxd8 24. Rd1 Ke8 25. c4 bxc4 26. Rc1 Bc7 27. h3 Kd7 28. Rxc4 Rxc4 29. bxc4 Bd6 30. Kc2 Kc6 1/2-1/2

[Event "Izmir Arena IM"]
[Site "Izmir"]
[Date "2024.03.19"]
[Round "4"]
[White "Aydin, Gulenay"]
[Black "Baltag, Iulian"]
[Result "0-1"]
[WhiteElo "2152"]
[BlackElo "2412"]
[PlyCount "180"]
[EventDate "2024.03.18"]
[EventType "tourn"]
[EventRounds "9"]
[EventCountry "TUR"]
[SourceTitle "CB13_2024"]
[SourceDate "2024.03.27"]
[SourceVersion "1"]
[SourceVersionDate "2024.03.27"]
[SourceQuality "1"]

1. e4 c5 2. c3 Nf6 3. e5 Nd5 4. Nf3 Nc6 5. Bc4 e6 6. d4 cxd4 7. cxd4 d6 8. 0-0 Be7 9. Bd2 Nb6 10. Bb3 dxe5 11. dxe5 Nd4 12. Nxd4 Qxd4 13. Bc3 Qh4 14. Qf3 Rb8 15. Rd1 Bd7 16. Bd4 Bc6 17. Qg3 Qxg3 18. hxg3 h5 19. a4 h4 20. a5 Nd7 21. Ba4 Bxa4 22. Rxa4 hxg3 23. fxg3 Rc8 24. Bxa7 Nxe5 25. Re4 Nc6 26. Bb6 Rh5 27. Ra4 Rb5 28. Ra2 Nb4 29. Ra4 Nd5 30. Bd4 Rb4 31. Rxb4 Bxb4 32. Na3 Bxa5 33. Bxg7 f6 34. Bh6 Ke7 35. Kf2 Bc7 36. Kf3 Be5 37. Rd2 b6 38. Nb5 Rc4 39. Rd3 Bxb2 40. Bd2 Be5 41. Ra3 Kf7 42. Ra7+ Kg6 43. Na3 Rd4 44. Ke2 Bxg3 45. Nc2 Nf4+ 46. Bxf4 Rxf4 47. Rb7 Bf2 48. g3 Rf5 49. Re7 e5 50. Re6 Bc5 51. Ne3 Rh5 52. Nd5 Rh2+ 53. Kd3 Rf2 54. Ke4 b5 55. Rc6 Bd4 56. Ne7+ Kg5 57. Rc8 Re2+ 58. Kd5 Kg4 59. Rg8+ Kf3 60. Rg6 Bc3 61. Rxf6+ Kxg3 62. Kc5 Rb2 63. Kd5 b4 64. Kc4 e4 65. Re6 Kf3 66. Nd5 Rd2 67. Re8 Rd4+ 68. Kc5 Rd1 69. Kc4 Bd2 70. Rf8+ Ke2 71. Rf7 Rf1 72. Re7 e3 73. Nxe3 Rf4+ 74. Kb3 Bxe3 75. Re5 Rd4 76. Rb5 Bd2 77. Rh5 Bf4 78. Rh3 Bd6 79. Rh6 Rd3+ 80. Kc2 b3+ 81. Kb1 Ba3 82. Rh2+ Ke3 83. Rh3+ Kd2 84. Rh2+ Kc3 85. Rh1 Rg3 86. Rf1 Bc5 87. Rc1+ Kb4 88. Rd1 Rg1 89. Kb2 Rg2+ 90. Kb1 Ka3 0-1

[Event "Titled Tuesday intern op 23rd Jan Late"]
[Site "Chess.com INT"]
[Date "2024.01.23"]
[Round "8"]
[White "Baltag, Iulian"]
[Black "Pavlidou, Ekaterini"]
[Result "0-1"]
[WhiteElo "2409"]
[BlackElo "2206"]
[PlyCount "58"]
[EventDate "2024.01.23"]
[EventType "swiss (blitz)"]
[EventRounds "11"]
[EventCountry "USA"]
[SourceTitle "CB05_2024"]
[SourceDate "2024.01.31"]
[SourceVersion "1"]
[SourceVersionDate "2024.01.31"]
[SourceQuality "1"]

1. e4 c5 2. Nf3 Nc6 3. Bb5 e6 4. Bxc6 bxc6 5. d3 Qc7 6. b3 Ne7 7. h4 h5 8. Bb2 Ng6 9. e5 d5 10. exd6 Qxd6 11. Nbd2 f6 12. Ne4 Qc7 13. Qd2 e5 14. Qe3 Nf4 15. 0-0 Bg4 16. Nh2 0-0-0 17. Rfe1 Rd5 18. g3 Ng6 19. Nxg4 hxg4 20. Nc3 Rd4 21. Na4 f5 22. Bxd4 cxd4 23. Qg5 Qf7 24. h5 Nf4 25. gxf4 Rxh5 26. Qxh5 Qxh5 27. fxe5 Qh3 28. c3 f4 29. cxd4 f3 0-1

[Event "Sebes GP op"]
[Site "Sebes"]
[Date "2023.11.05"]
[Round "6"]
[White "Baltag, Iulian"]
[Black "Craciun, Sasha Matei"]
[Result "1/2-1/2"]
[WhiteElo "2416"]
[BlackElo "2050"]
[PlyCount "130"]
[EventDate "2023.11.04"]
[EventType "swiss"]
[EventRounds "10"]
[EventCountry "ROU"]
[SourceTitle "CB46_2023"]
[SourceDate "2023.11.15"]
[SourceVersion "1"]
[SourceVersionDate "2023.11.15"]
[SourceQuality "1"]

1. d4 d5 2. c4 e6 3. Nf3 Nf6 4. g3 Be7 5. Qc2 0-0 6. Bg2 c6 7. 0-0 b6 8. Nbd2 Bb7 9. e4 Na6 10. a3 Rc8 11. e5 Nd7 12. b4 c5 13. dxc5 bxc5 14. b5 Nc7 15. a4 dxc4 16. Ng5 Bxg5 17. Bxb7 Rb8 18. Bg2 Nxe5 19. Nxc4 Nxc4 20. Qxc4 Bf6 21. Ra2 Qd4 22. Rc2 Nd5 23. Qxd4 Bxd4 24. Bxd5 exd5 25. Be3 Bxe3 26. fxe3 Rbc8 27. Rfc1 c4 28. e4 a6 29. b6 Rc6 30. a5 Rc5 31. exd5 Rxa5 32. Rxc4 Rxd5 33. Rb1 Rb8 34. b7 Rdd8 35. Rc7 a5 36. Rf1 Rf8 37. Rf5 f6 38. Rxa5 h6 39. Rd5 Rf7 40. Rc8+ Rf8 41. Rxf8+ Kxf8 42. Rd7 Kg8 43. h4 h5 44. Kf2 Kh7 45. Kf3 Kh6 46. Ke4 Re8+ 47. Kd5 g5 48. Kc6 Kg6 49. Rd5 gxh4 50. gxh4 f5 51. Kc7 f4 52. b8Q Rxb8 53. Kxb8 f3 54. Rg5+ Kf6 55. Rg3 Kf5 56. Rg5+ Ke4 57. Rg8 f2 58. Rf8 Ke3 59. Kc7 Ke2 60. Kd6 f1Q 61. Rxf1 Kxf1 62. Ke5 Ke2 63. Kf4 Kd3 64. Kg5 Ke4 65. Kxh5 Kf5 1/2-1/2

[Event "Sebes GP op"]
[Site "Sebes"]
[Date "2023.11.05"]
[Round "10"]
[White "Baltag, Iulian"]
[Black "Kantor, Gergely"]
[Result "1-0"]
[WhiteElo "2416"]
[BlackElo "2527"]
[PlyCount "65"]
[EventDate "2023.11.04"]
[EventType "swiss"]
[EventRounds "10"]
[EventCountry "ROU"]
[SourceTitle "CB46_2023"]
[SourceDate "2023.11.15"]
[SourceVersion "1"]
[SourceVersionDate "2023.11.15"]
[SourceQuality "1"]

1. d4 Nf6 2. c4 e6 3. Bf4 d5 4. cxd5 Nxd5 5. Bg3 c5 6. e4 Nf6 7. Nd2 Qxd4 8. Ngf3 Qd8 9. e5 Nd5 10. Bd3 Nc6 11. Be4 Be7 12. 0-0 0-0 13. a3 b6 14. Qe2 a5 15. Bd3 Bb7 16. h4 Kh8 17. h5 Qd7 18. Rad1 Rad8 19. Bb1 Qc8 20. Rfe1 Ba6 21. Qe4 f5 22. exf6 Nxf6 23. Qh4 Rd5 24. h6 g6 25. Ba2 Rh5 26. Bxe6 Qe8 27. Qf4 Nd8 28. Ba2 Rf5 29. Qc7 Nc6 30. Re6 Bb5 31. Rde1 Ng8 32. Qxb6 Ba4 33. b3 1-0

[Event "Sebes GP op"]
[Site "Sebes"]
[Date "2023.11.04"]
[Round "4"]
[White "Baltag, Iulian"]
[Black "Panc, Samuel"]
[Result "1-0"]
[WhiteElo "2416"]
[BlackElo "1967"]
[PlyCount "79"]
[EventDate "2023.11.04"]
[EventType "swiss"]
[EventRounds "10"]
[EventCountry "ROU"]
[SourceTitle "CB46_2023"]
[SourceDate "2023.11.15"]
[SourceVersion "1"]
[SourceVersionDate "2023.11.15"]
[SourceQuality "1"]

1. d4 f5 2. g3 Nf6 3. Bg2 e6 4. c4 c6 5. Nf3 d5 6. 0-0 Bd6 7. b3 Qe7 8. Bb2 0-0 9. Qc1 b6 10. Ba3 Bb7 11. Bxd6 Qxd6 12. Rd1 Nbd7 13. Nc3 Ne4 14. e3 Qb4 15. Ne2 dxc4 16. Qxc4 Qxc4 17. bxc4 Ba6 18. Rac1 Rac8 19. Nd2 Nxd2 20. Rxd2 Nf6 21. Nf4 Rfe8 22. Nd3 Nd7 23. Nb4 Bb7 24. c5 a5 25. Nd3 b5 26. a3 Rc7 27. f4 Kf7 28. Rb2 Ba6 29. Rd1 Rb8 30. Kf2 Ke7 31. Ne5 Nxe5 32. dxe5 Rd8 33. Rd6 Bb7 34. e4 g6 35. exf5 gxf5 36. Bf3 Rdd7 37. h3 Kf7 38. g4 Ke7 39. gxf5 exf5 40. Ke3 1-0

[Event "ROM-chT"]
[Site "Eforie Nord"]
[Date "2023.09.21"]
[Round "1.4"]
[White "Padurariu, Mihai Edward"]
[Black "Baltag, Iulian"]
[Result "1-0"]
[WhiteElo "2245"]
[BlackElo "2416"]
[PlyCount "105"]
[EventDate "2023.09.21"]
[EventType "team-tourn"]
[EventRounds "9"]
[EventCountry "ROU"]
[SourceTitle "EXT 2024"]
[Source "ChessBase"]
[SourceDate "2023.10.10"]
[SourceVersion "1"]
[SourceVersionDate "2023.10.10"]
[SourceQuality "1"]
[WhiteTeam "Ineu"]
[BlackTeam "Galati Smart"]
[WhiteTeamCountry "ROU"]
[BlackTeamCountry "ROU"]

1. e4 c5 2. Nf3 Nc6 3. Bb5 e5 4. 0-0 Nge7 5. c3 g6 6. d4 cxd4 7. cxd4 exd4 8. Nxd4 Bg7 9. Be3 0-0 10. Nc3 d5 11. exd5 Nb4 12. Bg5 h6 13. Bxe7 Qxe7 14. a3 Na6 15. Bxa6 bxa6 16. Nc6 Qb7 17. Na4 Bf5 18. Rc1 Kh7 19. b4 Qd7 20. Nc5 Qd6 21. Qb3 h5 22. Rcd1 Rfe8 23. Qg3 Bf8 24. Nxa6 Qxg3 25. hxg3 Bd6 26. Nc5 Bg4 27. Rd2 Be2 28. Rc1 h4 29. Nd4 Bg4 30. Nb5 Bb8 31. Rd4 f5 32. Nd7 Kg7 33. Nxb8 Raxb8 34. Nc7 Re4 35. Ne6+ Kf6 36. f3 Rxd4 37. Nxd4 Bh5 38. Nc6 Rb7 39. gxh4 g5 40. hxg5+ Kxg5 41. Rc5 Kf6 42. Kf2 Be8 43. Ke3 Rg7 44. Rc2 Rd7 45. Kd4 Bf7 46. Rc5 Bg8 47. Ne5 Rd8 48. f4 Kg7 49. Rc7+ Kf6 50. Rd7 Rc8 51. Rxa7 Rc1 52. Ra6+ Kg7 53. Rg6+ 1-0

[Event "Bucharest Grand Prix"]
[Site "Bucharest"]
[Date "2023.04.30"]
[Round "5"]
[White "Baltag, Iulian"]
[Black "Craciun, Sasha Matei"]
[Result "1-0"]
[WhiteElo "2414"]
[BlackElo "1962"]
[PlyCount "111"]
[EventDate "2023.04.29"]
[EventType "swiss (rapid)"]
[EventRounds "10"]
[EventCountry "ROU"]
[SourceTitle "CBM 213 Extra"]
[Source "ChessBase"]
[SourceDate "2023.05.31"]
[SourceVersion "1"]
[SourceVersionDate "2023.05.31"]
[SourceQuality "1"]

1. c4 e6 2. Nc3 d5 3. d4 Be7 4. Nf3 Nf6 5. g3 0-0 6. Bg2 dxc4 7. 0-0 c5 8. dxc5 Bxc5 9. Qxd8 Rxd8 10. Ne5 Nbd7 11. Nxc4 a6 12. a4 Nb6 13. Nxb6 Bxb6 14. a5 Ba7 15. Bf4 Kf8 16. Rfd1 Rxd1+ 17. Rxd1 Ke8 18. Bc7 Ke7 19. h3 Bb8 20. Bd8+ Ke8 21. Na4 Nd7 22. Nb6 Nxb6 23. Bxb6 Ke7 24. Rd8 Bd6 25. Rg8 g6 26. Bd8+ Kd7 27. Bf6 Be7 28. Bc3 h5 29. Rh8 Bd6 30. Bf6 Be7 31. Be5 Bd8 32. Bc3 Bc7 33. Be4 Rb8 34. Rh7 Ke8 35. Bxg6 fxg6 36. Rxc7 Bd7 37. f3 Kd8 38. Be5 Rc8 39. Rxb7 Rc2 40. Rb8+ Ke7 41. e4 Re2 42. Rb6 Bb5 43. Rb7+ Ke8 44. Bc3 Rc2 45. Rg7 Be2 46. Kf2 Bc4+ 47. Ke3 Rg2 48. Kf4 Rf2 49. Rxg6 Kd7 50. Ke3 Rh2 51. h4 Kc6 52. Rg5 Rg2 53. Kf4 Rf2 54. Rxh5 Rf1 55. Ke3 Rg1 56. Rg5 1-0

[Event "Bucharest Grand Prix"]
[Site "Bucharest"]
[Date "2023.04.29"]
[Round "3"]
[White "Baltag, Iulian"]
[Black "Bobes, Radu Catalin"]
[Result "1-0"]
[WhiteElo "2414"]
[BlackElo "1003"]
[PlyCount "63"]
[EventDate "2023.04.29"]
[EventType "swiss (rapid)"]
[EventRounds "10"]
[EventCountry "ROU"]
[SourceTitle "CBM 213 Extra"]
[Source "ChessBase"]
[SourceDate "2023.05.31"]
[SourceVersion "1"]
[SourceVersionDate "2023.05.31"]
[SourceQuality "1"]

1. c4 Nf6 2. g3 d5 3. cxd5 Nxd5 4. Bg2 e6 5. Nf3 Be7 6. 0-0 0-0 7. Nc3 Nf6 8. d4 Nc6 9. e3 Rb8 10. Qe2 b6 11. Rd1 Nb4 12. Ne5 Ba6 13. Qd2 Nd7 14. a3 Nxe5 15. axb4 Nc4 16. Qe2 Nxe3 17. Qxe3 Bb7 18. Bxb7 Rxb7 19. b5 h6 20. Qe4 Rb8 21. Rxa7 Re8 22. Bf4 Rc8 23. d5 Bc5 24. dxe6 Qf6 25. exf7+ Kxf7 26. Qc6 Re7 27. Qxf6+ gxf6 28. Bxh6 Bd6 29. Be3 Rh8 30. Nd5 Ree8 31. Nxc7 Bxc7 32. Rxc7+ 1-0

[Event "Bucharest Grand Prix"]
[Site "Bucharest"]
[Date "2023.04.29"]
[Round "4"]
[White "Sadhwani, Raunak"]
[Black "Baltag, Iulian"]
[Result "1-0"]
[WhiteElo "2627"]
[BlackElo "2414"]
[PlyCount "69"]
[EventDate "2023.04.29"]
[EventType "swiss (rapid)"]
[EventRounds "10"]
[EventCountry "ROU"]
[SourceTitle "CBM 213 Extra"]
[Source "ChessBase"]
[SourceDate "2023.05.31"]
[SourceVersion "1"]
[SourceVersionDate "2023.05.31"]
[SourceQuality "1"]

1. e4 e6 2. d4 d5 3. Nc3 Bb4 4. e5 Qd7 5. Qg4 f5 6. Qg3 b6 7. a3 Bxc3+ 8. Qxc3 Ba6 9. Bxa6 Nxa6 10. Ne2 c5 11. Qg3 Qf7 12. Qd3 c4 13. Qg3 Ne7 14. h4 Rc8 15. h5 h6 16. Nf4 Kd7 17. Bd2 Rhe8 18. Rh3 Nc6 19. Be3 c3 20. b3 Ne7 21. Qf3 Rc6 22. Qe2 Nc7 23. Rg3 Rc8 24. Kf1 a5 25. a4 Ra8 26. Bc1 Ra7 27. Ba3 Na6 28. Rd1 Kc8 29. Bd6 Kb7 30. Rdd3 Nc8 31. Rxc3 Nxd6 32. Rxc6 Kxc6 33. exd6 Kxd6 34. Qe5+ Kc6 35. Nxe6 1-0

[Event "Braila GP RO Stage 5"]
[Site "Braila"]
[Date "2022.11.06"]
[Round "9"]
[White "Martian, Dragos Daniel"]
[Black "Baltag, Iulian"]
[Result "1/2-1/2"]
[WhiteElo "2219"]
[BlackElo "2435"]
[PlyCount "141"]
[EventDate "2022.11.05"]
[EventType "swiss (rapid)"]
[EventRounds "10"]
[EventCountry "ROU"]
[SourceTitle "EXT 2024"]
[Source "ChessBase"]
[SourceDate "2023.10.10"]
[SourceVersion "1"]
[SourceVersionDate "2023.10.10"]
[SourceQuality "1"]

1. d4 Nf6 2. Nf3 d5 3. c4 e6 4. Nc3 dxc4 5. Qa4+ Nbd7 6. e4 Be7 7. Bxc4 0-0 8. Qc2 c5 9. dxc5 Bxc5 10. 0-0 a6 11. e5 Ng4 12. Qe4 f5 13. exf6 Ndxf6 14. Qe2 Nd5 15. h3 Ngf6 16. Ne4 Ba7 17. Nxf6+ Qxf6 18. Bg5 Nf4 19. Bxf4 Qxf4 20. Bxe6+ Bxe6 21. Qxe6+ Kh8 22. Rfe1 Qg3 23. Qe2 Rf6 24. Kf1 Qg6 25. Qe4 Qf7 26. Re2 h6 27. b3 Rf8 28. Rd1 b5 29. Rdd2 Qc7 30. Qe5 Qc1+ 31. Re1 Qxd2 32. Nxd2 Rxf2+ 33. Kg1 Re2+ 34. Kh1 Rxe5 35. Rxe5 Rd8 36. Re2 Kh7 37. g4 Rd3 38. Kg2 a5 39. Nf3 a4 40. Ne5 Rc3 41. bxa4 bxa4 42. Nf7 Bb8 43. Ne5 Bxe5 44. Rxe5 Rc2+ 45. Kg3 Rxa2 46. Ra5 Ra3+ 47. Kg2 Kg6 48. Ra6+ Kg5 49. Ra5+ Kf4 50. Rf5+ Ke4 51. Rf7 g5 52. Rf6 Rb3 53. Rxh6 a3 54. Ra6 Kd4 55. Ra5 Kc4 56. Rxg5 Kb4 57. Rg8 a2 58. Rb8+ Kc3 59. Ra8 Kb2 60. Rxa2+ Kxa2 61. h4 Kb2 62. h5 Kc3 63. Kf3 Kd4+ 64. Kf4 Rb1 65. h6 Rf1+ 66. Kg5 Ke5 67. h7 Rh1 68. Kg6 Kf4 69. Kg7 Kxg4 70. h8Q Rxh8 71. Kxh8 1/2-1/2

[Event "TUR-chT 1st League"]
[Site "Konya"]
[Date "2022.08.24"]
[Round "4.5"]
[White "Baltag, Iulian"]
[Black "Atabayev, Saparmyrat"]
[Result "1/2-1/2"]
[WhiteElo "2408"]
[BlackElo "2430"]
[PlyCount "127"]
[EventDate "2022.08.22"]
[EventType "team-swiss"]
[EventRounds "9"]
[EventCountry "TUR"]
[SourceTitle "CBM 209 Extra"]
[Source "ChessBase"]
[SourceDate "2022.09.30"]
[SourceVersion "1"]
[SourceVersionDate "2022.09.30"]
[SourceQuality "1"]
[WhiteTeam "Samandag Altin"]
[BlackTeam "Ankara Dernegi"]
[WhiteTeamCountry "TUR"]
[BlackTeamCountry "TUR"]

1. e4 e5 2. Nf3 Nc6 3. Bb5 Nf6 4. 0-0 Nxe4 5. Re1 Nd6 6. Nxe5 Be7 7. Bf1 Nxe5 8. Rxe5 0-0 9. Nc3 Bf6 10. Re1 Re8 11. Nd5 Rxe1 12. Qxe1 b6 13. c3 Bb7 14. Nxf6+ Qxf6 15. d4 Re8 16. Qd1 Re4 17. Bd2 Qg6 18. f3 Re7 19. Qb1 Qf6 20. Qd3 h5 21. Re1 Rxe1 22. Bxe1 Qe6 23. Qb1 Bd5 24. b3 Qe3+ 25. Kh1 h4 26. c4 Be6 27. Qd1 h3 28. g4 f5 29. d5 Bf7 30. Bxh3 Bg6 31. Bb4 fxg4 32. Bxg4 Ne4 33. Be1 Qf2 34. Bh3 Bh5 35. Bg2 Qxa2 36. Kg1 Qb2 37. b4 Nd6 38. c5 Nc4 39. Qd3 Qc1 40. Qe2 bxc5 41. bxc5 Bf7 42. h4 Ne3 43. Qd2 Qxd2 44. Bxd2 Nxd5 45. f4 Ne7 46. Ba5 c6 47. Bb6 Ng6 48. Bxa7 Nxf4 49. Kh2 Bd5 50. Bh3 Be6 51. Bf1 Kf7 52. Bb8 Nh5 53. Be5 Nf6 54. Bd4 Ng8 55. Bd3 Ne7 56. Kg3 Bf5 57. Be2 Be4 58. Kf4 Bd5 59. h5 Be6 60. Bd3 Kf8 61. Kg5 Bf7 62. Be4 Be6 63. Be5 Kf7 64. Bd6 1/2-1/2

[Event "Olympiad-44"]
[Site "Chennai"]
[Date "2022.08.01"]
[Round "4.4"]
[White "Baltag, Iulian"]
[Black "Galvez Dastin, Eduardo Francisco"]
[Result "1-0"]
[WhiteElo "2405"]
[BlackElo "2152"]
[PlyCount "71"]
[EventDate "2022.07.29"]
[EventType "team-swiss"]
[EventRounds "11"]
[EventCountry "IND"]
[SourceTitle "CBM 210"]
[Source "ChessBase"]
[SourceDate "2022.10.31"]
[SourceVersion "1"]
[SourceVersionDate "2022.10.31"]
[SourceQuality "1"]
[WhiteTeam "Moldova"]
[BlackTeam "Guatemala"]
[WhiteTeamCountry "MDA"]
[BlackTeamCountry "GUA"]

1. c4 c6 2. d4 d5 3. e3 Nf6 4. Nc3 a6 5. Nf3 b5 6. b3 bxc4 7. bxc4 Bg4 8. Qa4 Bxf3 9. gxf3 e6 10. f4 Be7 11. c5 0-0 12. Bg2 Qc7 13. 0-0 Nbd7 14. Rb1 Rfb8 15. Bd2 Rxb1 16. Rxb1 Nb8 17. a3 Ra7 18. Qb3 Nbd7 19. Bf1 h6 20. h3 g5 21. fxg5 hxg5 22. Bd3 Kg7 23. Kg2 e5 24. Bf5 Nh5 25. Ne2 e4 26. Ng3 Nhf6 27. a4 Qd8 28. a5 Ng8 29. Qa4 Nb8 30. Rb6 Nh6 31. Qb3 Ra8 32. Rb7 Kf8 33. Qb6 Qe8 34. Qc7 Qd8 35. Qb6 Bf6 36. Rc7 1-0

[Event "Targu Mures op-A"]
[Site "Targu Mures"]
[Date "2022.06.11"]
[Round "9"]
[White "Jianu, Vlad Cristian"]
[Black "Baltag, Iulian"]
[Result "1/2-1/2"]
[WhiteElo "2527"]
[BlackElo "2411"]
[PlyCount "21"]
[EventDate "2022.06.04"]
[EventType "swiss"]
[EventRounds "9"]
[EventCountry "ROU"]
[SourceTitle "CBM 208 Extra"]
[Source "ChessBase"]
[SourceDate "2022.07.31"]
[SourceVersion "1"]
[SourceVersionDate "2022.07.31"]
[SourceQuality "1"]

1. Nf3 Nf6 2. g3 d5 3. Bg2 g6 4. 0-0 Bg7 5. c4 c6 6. b3 0-0 7. Bb2 a5 8. cxd5 cxd5 9. Nc3 Nc6 10. d4 Bf5 11. Rc1 1/2-1/2

[Event "Targu Mures op-A"]
[Site "Targu Mures"]
[Date "2022.06.08"]
[Round "6"]
[White "Petre, Nad Titus"]
[Black "Baltag, Iulian"]
[Result "1/2-1/2"]
[WhiteElo "2297"]
[BlackElo "2411"]
[PlyCount "70"]
[EventDate "2022.06.04"]
[EventType "swiss"]
[EventRounds "9"]
[EventCountry "ROU"]
[SourceTitle "CBM 208 Extra"]
[Source "ChessBase"]
[SourceDate "2022.07.31"]
[SourceVersion "1"]
[SourceVersionDate "2022.07.31"]
[SourceQuality "1"]

1. c4 e5 2. Nc3 Bb4 3. Nd5 a5 4. a3 Bc5 5. Nf3 d6 6. e3 c6 7. d4 Ba7 8. Nc3 Nd7 9. Qc2 Ngf6 10. Bd3 0-0 11. 0-0 Re8 12. b3 Qe7 13. dxe5 dxe5 14. Ng5 h6 15. Nge4 Nxe4 16. Nxe4 f5 17. Ng3 g6 18. b4 Bb8 19. Rb1 e4 20. Be2 h5 21. Rd1 h4 22. Nf1 axb4 23. axb4 Ne5 24. Bb2 Be6 25. Qc3 b6 26. Ra1 Bc7 27. Nd2 Kh7 28. Rxa8 Rxa8 29. Ra1 Rxa1+ 30. Bxa1 Qf8 31. f4 Nd7 32. Nb3 c5 33. Qe1 Bd8 34. bxc5 bxc5 35. Na5 Bf6 1/2-1/2